CS:GO or CS2 Map played in a Major - Statistiken

Allgemein
  • Dieses Quiz wurde 61 mal gespielt
  • Das Durchschnittsergebnis liegt bei 8 aus 11
Answers on the Grid
Answers color-coded by a green-red scale on the quiz's grid according to % correct below.
Dust
Tuscan
Cobblestone
Ancient
Anubis
Canals
Cache
Aztec
Inferno
Overpass
Militia
Nuke
Vertigo
Short Train
Assault
Mirage
Italy
Dust 2
Office
Train
Season
 
Antwortstatistiken
Antwort % Korrekt
Ancient
79%
Cobblestone
76%
Mirage
76%
Cache
74%
Nuke
71%
Anubis
68%
Inferno
68%
Dust 2
65%
Overpass
65%
Train
65%
Vertigo
59%
Keine übereinstimmenden Quizze gefunden
Verteilung der Resultate
Anzahl Personen mit jedem Resultat
Perzentil nach korrekt beantworteten Fragen
Ihre Resultats-Entwicklung
Sie haben dieses Quiz noch nicht gespielt